000 00859nam a2200241 a 4500
001 BRCA_4387
005 20190320204642.0
008 230710s2010----ja-a######---#000-0#jpn-#
020 _a9784924989481
041 _ajpneng
044 _aja
050 4 _aF1392
_b.T47 2010
245 1 0 _aA Testimony of the 400th Anniversary of Mexico-Japan Relations Special Exhibition
_bthe Dream of Friendship carried by the Galleons.
260 _aJapón
_bTobacco & Salt Museum
_c2010
300 _a145 p.
_bil. (algunas a color)
_c30 cm.
500 _aIncluye piezas de la colección Franz Mayer: p. 105, 112 y 113
546 _aTexto en japonés e inglés
650 1 4 _aGaleones
_xHistoria
_911159
651 4 _aMéxico
_xRelaciones
_zJapón
_95633
651 4 _aMéxico
_xDescripción y viajes
_9103
651 4 _aJapón
_xDescripción y viajes
_910517
942 _2lcc
_cB
999 _c4098
_d4098